000 00550nam a2200205Ia 4500
005 20250508150254.0
008 008 250505s9999 xx 000 0 eng d
037 _aTextual
040 _aFEDL
_beng
_cFEDL
041 _aeng
_2eng
084 _a150.195, ADL
_qFEDL
100 _aAdler Alfred
_987983
245 0 _aSocial interest: A challenge to mankind
260 _aLondon, UK
_bFaber and Faber
300 _a313p.
365 _aINR
_b8
650 _aPsychology
942 _cTEXL
_h150.195, ADL
999 _c1322762
_d1322762